00585nam a22001817a 450000500170000001000150001702000260003203500130005803700130007108200110008410000260009524500980012126000440021927000460026330000250030950000500033470000190038420140501161422.0 aENG-109657 c650.00a9781259005046 aEN-93190 bDBAD/PUB a616.89 aVeeraraghavan, Vimala00aA textbook of abnormal and clinical psychology /bby Vimala Veeraraghavan [and] Shalini Singh aNew DelhibMcGraw Hill Education c2014 aP-24, Green Park Extn.bNew Delhie110016 axvi,651p.c24cm(pbk) aIncludes bibliographical references and index aSingh, Shalini